| 000 | 00475nam a2200169 i 4500 | ||
|---|---|---|---|
| 001 | 31865 | ||
| 003 | ES-MaACL | ||
| 005 | 20230906154449.0 | ||
| 007 | t| | ||
| 008 | 030129s1936 fr ||||1| fre d | ||
| 100 | 1 |
_aBedel, Maurice. _926991 |
|
| 245 | 1 | 0 |
_aMonsieur le Profeseur Jubier / _cMaurice Bedel. |
| 250 | _a3eme ed. | ||
| 260 |
_aParis : _bDenoƫl et Steele, _c1936 ( _eFontenay-aux-Roses : _fBellemand) |
||
| 300 |
_a169 p. ; _c19 cm. |
||
| 852 |
_aES-MaACL _jA-4234 |
||
| 999 |
_c31865 _d31865 |
||